000 00511nam a2200181Ia 4500
005 20250508152350.0
008 008 250505s9999 xx 000 0 hin d
037 _aTextual
040 _aFEDL
_beng
_cFEDL
041 _ahin
_2eng
084 _a910.54, GOR
_qFEDL
100 _aGor Krepashankar
_9761302
245 0 _aBharat ki bhougolik samiksha
260 _aVaranasi, India
_bHindi Pracharak Pustakalya
_c1957
300 _a560p
942 _cTEXL
_h910.54, GOR
999 _c1335944
_d1335944